| 000 | 00709cam a2200205 4500 | ||
|---|---|---|---|
| 001 | WB3610-12 | ||
| 008 | 000000n2000 000 0 eng u | ||
| 035 | _a(Sirsi) u104562 | ||
| 245 | _aExpansion plans | ||
| 260 | _c2000 | ||
| 490 |
_aFinancial Times _v3 March 2000, 28(1) |
||
| 520 | _aCanary Wharf Group has announced plans to expand its speculative development programme with a 500,000 sq ft building. The company has also completed the leasing of a further 500,000 sq ft of existing space. | ||
| 590 | _aWB | ||
| 650 | _aCANARY WHARF | ||
| 650 | _aDOCKLANDS | ||
| 650 | _aSPECULATIVE DEVELOPMENT | ||
| 650 | _aOFFICE DEVELOPMENT | ||
| 690 | _aBUILDING AND CONSTRUCTION-PROJECTS | ||
| 942 | _n0 | ||
| 999 |
_c62746 _d62746 |
||